Loading...
| Current Events | 1 | 10.00 | 100% | 0% | 0% |
| Fine Arts - Classical Music | 3 | 3.33 | 0% | 33% | 0% |
| Fine Arts - Other Fine Arts | 4 | 10.00 | 50% | 25% | 25% |
| Fine Arts - Painting and Sculpture | 1 | 10.00 | 100% | 0% | 0% |
| Geography | 1 | 10.00 | 100% | 0% | 0% |
| History - American History | 1 | 0.00 | 0% | 0% | 0% |
| History - European History | 4 | 15.00 | 100% | 50% | 0% |
| History - Other History | 3 | 10.00 | 100% | 0% | 0% |
| History - World History | 4 | 10.00 | 75% | 25% | 0% |
| Literature - American Literature | 1 | 0.00 | 0% | 0% | 0% |
| Literature - British Literature | 2 | 5.00 | 50% | 0% | 0% |
| Literature - European Literature | 3 | 6.67 | 67% | 0% | 0% |
| Literature - World Literature | 3 | 3.33 | 33% | 0% | 0% |
| Mythology | 3 | 10.00 | 100% | 0% | 0% |
| Other Academic | 1 | 10.00 | 100% | 0% | 0% |
| Philosophy | 2 | 0.00 | 0% | 0% | 0% |
| Religion | 5 | 6.00 | 60% | 0% | 0% |
| Science - Biology | 2 | 10.00 | 100% | 0% | 0% |
| Science - Chemistry | 5 | 4.00 | 40% | 0% | 0% |
| Science - Other Science | 2 | 0.00 | 0% | 0% | 0% |
| Science - Physics | 5 | 2.00 | 0% | 20% | 0% |
| Social Science | 1 | 0.00 | 0% | 0% | 0% |